Actividades para el aprendizaje creador

Uloženo v:
Podrobná bibliografie
Hlavní autoři: Darrow, Fischer (Autor), Van Allen, R (Autor)
Médium: Kniha
Jazyk:španělština
Vydáno: Buenos Aires Paidós 1965
Edice:Biblioteca del Educador Contemporáneo, 13
Témata:
Tagy: Přidat tag
Žádné tagy, Buďte první, kdo vytvoří štítek k tomuto záznamu!

MARC

LEADER 00000nam a2200000 a 4500
001 UCZ9856
003 CL-VaPUC
008 960311e19650000AG |||||||||||||||||spa|d
082 0 4 |a 371.38  |b DAR  |2 21 
100 0 |a Darrow, Fischer  |e author  |9 354781 
700 0 |a Van Allen, R  |e author  |9 354782 
245 1 0 |a Actividades para el aprendizaje creador 
300 |a 141 p 
942 |c BK 
945 |d 19960311 00:00:00  |a paguirre 
260 |a Buenos Aires  |b Paidós  |c 1965 
650 0 |a Métodos de aprendizaje  |9 334464 
650 0 |a Creatividad   |9 310816 
650 0 |a Procesos de aprendizaje  |9 309161 
650 0 |a Métodos de enseñanza  |9 270413 
650 0 |a Niños  |9 255605 
583 |a last modification  |c 19960311 00:00:00  |k Rodrigo Vera 
490 0 |a Biblioteca del Educador Contemporáneo, 13 
999 |c 244912  |d 244910 
952 |0 0  |1 0  |4 0  |6 371_380000000000000_DAR_1965  |7 0  |8 P  |9 259187  |a BIBEDU  |b BIBEDU  |c BIBEDU_PB  |d 2019-11-19  |i 1630830  |o 371.38 DAR 1965  |p 1630830  |r 2024-01-25  |w 2019-11-19  |y BK  |k EDU 
952 |0 0  |1 0  |4 0  |6 371_380000000000000_DAR_1965  |7 0  |8 P  |9 259188  |a BIBEDU  |b BIBEDU  |c BIBEDU_PB  |d 2019-11-19  |i 1630814  |o 371.38 DAR 1965  |p 1630814  |r 2024-01-25  |w 2019-11-19  |y BK  |k EDU